000 01166cam a2200277 4500
001 ##L132212
008 060117n2005 000 0 eng u
020 _a1860818412
035 _a(Sirsi) u132212
041 0 _aeng
050 0 4 _a693.971 $2 18
100 1 _aCornwell, Matthew
245 0 0 _aGreen gluing of timber
_ba feasibility study
260 _aWatford
_bBRE
_c2005
300 _a8p.
_bill
_c30cm.
490 0 _aBRE Information Paper
_vIP 10/05
520 _aThe green gluing process upgrades low-value timber by removing defects and sorting or gluing the remaining sections. It produces clear, defect-free timber lengths and has the potential to improve the use of the UK's forest resource. This paper reports on the technical and commercial feasibility of creating a green gluing enterprise in the Greenwood Community Forest in the East Midlands.
590 _aIKA170106
690 _aBUILT ENVIRONMENT-BUILDING MATERIALS-TIMBER
700 1 _aThorpe, Wendy
700 1 _aCooper, Geoff
710 2 _aForestry Commission
_9804
710 2 _aGreenwood Community Forest
_94860
710 2 _aEast Midlands Development Agency
_94153
942 _n0
999 _c105054
_d105054